| 000 | 00674cam a2200217 4500500 | ||
|---|---|---|---|
| 005 | 20260405004010.0 | ||
| 041 | _afre | ||
| 042 | _adc | ||
| 100 | 1 | 0 |
_aEltchaninoff, Michel _eauthor |
| 245 | 0 | 0 | _aIran, se libérer aussi des mythes : la chronique de Michel Eltchaninoff |
| 260 | _c2026. | ||
| 500 | _a30 | ||
| 690 | _aAyatollah Khamenei | ||
| 690 | _aIran | ||
| 690 | _aMichel Eltchaninoff | ||
| 690 | _aMythe | ||
| 690 | _aReligion | ||
| 690 | _aRévolution | ||
| 786 | 0 | _nPhilosophie magazine | 197 | 2 | 2026-02-01 | p. 33-35 | 1951-1787 | |
| 856 | 4 | 1 | _uhttps://shs.cairn.info/magazine-philosophie-magazine-2026-2-page-33?lang=fr&redirect-ssocas=7080 |
| 999 |
_c2072768 _d2072768 |
||